[Event "3rd Panama Open"]
[Site "Panama City PAN"]
[Date "2013.10.31"]
[Round "2.38"]
[White "Bonilla,Felix"]
[Black "Llaudy Pupo,L"]
[Result "1/2-1/2"]
[WhiteElo "2072"]
[BlackElo "2269"]

1.d4 Nf6 2.Nf3 e6 3.c4 b6 4.a3 Bb7 5.e3 Be7 6.Nc3 d5 7.cxd5 Nxd5 8.Bd2 O-O
9.Qc2 Nd7 10.Rc1 c5 11.Bd3 N5f6 12.Ng5 h6 13.Nge4 cxd4 14.exd4 Rc8 15.O-O Nxe4
16.Bxe4 Bxe4 17.Qxe4 Nf6 18.Qe5 Bd6 19.Qe2 Qd7 20.Qf3 Be7 21.Rfd1 Rfd8 22.Bf4 Nd5
23.Nxd5 Qxd5 24.Qxd5 exd5 25.Rxc8 Rxc8 26.Rc1 Rxc1+ 27.Bxc1 Bf6 28.Be3 Kf8
29.Kf1 Ke7 30.Ke2 Kd7 31.a4 Be7 32.Bd2 Kc6 33.b3 Bd6 34.h3 a6 35.Kd3 b5 36.Kc2 Be7
37.Kd3 Kb6 38.Kc2 Bf6 39.Kd3 Bh4 40.g3 Be7 41.Kc2 h5 42.f3 Bf6 43.Kd3 bxa4
44.bxa4 g6 45.Bb4 Kc6 46.Bd2 Kb6 47.Bb4 Bd8 48.g4 Bg5 49.Bc3 Bf4 50.Bb4 Kc6
51.Ba5 Kd7 52.Be1 Ke6 53.Bf2 hxg4 54.hxg4 Kd7 55.Be1 Kc6 56.Ba5 Bg5 57.Ke2  1/2-1/2

[Event "80th ch-BRA S/F 1 2013"]
[Site "Rio de Janeiro BRA"]
[Date "2013.11.01"]
[Round "2.8"]
[White "Borges da Silva,R"]
[Black "Chaves,Jor"]
[Result "1-0"]
[WhiteElo "2244"]
[BlackElo "2023"]

1.d4 Nf6 2.c4 e6 3.Nf3 b6 4.a3 Bb7 5.Nc3 d5 6.cxd5 exd5 7.Bg5 Be7 8.Qa4+ Nfd7
9.Bxe7 Qxe7 10.e3 c6 11.Be2 a5 12.O-O O-O 13.Rfe1 Na6 14.e4 b5 15.Qc2 dxe4
16.Nxe4 Qd8 17.Nd6 Qc7 18.Ng5 g6 19.Nxb7 Qxb7 20.Bf3 Rac8 21.Re7 Nab8 22.Rae1 Qb6
23.Qb3 a4 24.Qa2 c5 25.dxc5 Nxc5 26.Bd5 Nd3 27.Rf1 Nxf2 28.Rxf7 Rxf7 29.Bxf7+ Kh8
30.b4 Nd1+ 31.Kh1 Rc1 32.g3 Nc3 33.Qg2 Rxf1+ 34.Qxf1 Qd4 35.Bxg6 Nd7 36.Qf7 Qd5+
37.Qxd5 Nxd5 38.Bxh7 Ne5 39.Bf5 Kg7 40.Ne4 Ne3 41.Bh3 Nd3 42.Bd7 Nc2 43.Bxb5 Nb2
44.Nc3 Nxa3 45.Bxa4 Nac4 46.Bc2 Kf6 47.h4 Ne3 48.Be4 Ke5 49.h5 Ng4 50.Bf3 Nh6
51.Be2 Kd4 52.b5 Kc5 53.g4 Nf7 54.Kg2 Kd6 55.Kg3 Ke5 56.b6 Nd6 57.h6 Kf6
58.Kf4 Kg6 59.g5  1-0

[Event "TCh-AUT 2nd Mitte 2013-14"]
[Site "Gleisdorf AUT"]
[Date "2013.11.17"]
[Round "5.5"]
[White "Hofer,C"]
[Black "Pfaffel,T"]
[Result "1-0"]
[WhiteElo "1920"]
[BlackElo "2099"]

1.d4 Nf6 2.Nf3 e6 3.c4 b6 4.a3 Ba6 5.Qc2 Bb7 6.Nc3 d6 7.e4 c5 8.d5 e5 9.Be2 Nbd7
10.O-O g6 11.Ne1 Bg7 12.Nd3 O-O 13.f4 exf4 14.Bxf4 Qe7 15.Bf3 Ne8 16.Rae1 Ne5
17.Nxe5 Bxe5 18.Ne2 Ng7 19.Kh1 Rae8 20.Bxe5 Qxe5 21.Nc1 Re7 22.Nd3 Qd4 23.e5 Qh4
24.exd6 Rd7 25.Qa4 Bc8 26.Ne5 Rxd6 27.Qxa7 Nf5 28.Kg1 Qd4+ 29.Rf2 Ne3 30.Qe7 Rdd8
31.Nc6 Nf5 32.Qxf8+  1-0

[Event "ch-VIE 2013"]
[Site "Ho Chi Minh City VIE"]
[Date "2013.11.21"]
[Round "5.1"]
[White "Dao Thien Hai"]
[Black "Tran Manh Tien"]
[Result "1-0"]
[WhiteElo "2512"]
[BlackElo "2290"]

1.d4 Nf6 2.c4 e6 3.Nf3 b6 4.a3 Bb7 5.Nc3 d5 6.Bg5 Be7 7.Qa4+ c6 8.Bxf6 Bxf6
9.cxd5 exd5 10.g3 O-O 11.Bg2 Nd7 12.O-O Re8 13.Rfd1 a5 14.Qc2 Qe7 15.e3 Rad8
16.Ne1 g6 17.Nd3 Ba6 18.Nf4 Bg7 19.b4 axb4 20.axb4 Bc4 21.b5 cxb5 22.Nfxd5 Qd6
23.Qb2 Qb8 24.Nxb5 Bxd5 25.Bxd5  1-0

[Event "ch-VIE 2013"]
[Site "Ho Chi Minh City VIE"]
[Date "2013.11.22"]
[Round "6.8"]
[White "Nguyen Dang Hong Phuc"]
[Black "Doan Van Duc"]
[Result "1/2-1/2"]
[WhiteElo "1859"]
[BlackElo "2107"]

1.d4 Nf6 2.Nf3 e6 3.c4 b6 4.a3 Bb7 5.Nc3 d5 6.cxd5 exd5 7.Bf4 Bd6 8.Bg3 O-O
9.e3 Ne4 10.Bd3 Nd7 11.O-O Bxg3 12.hxg3 Re8 13.Rc1 a6 14.Qc2 Rc8 15.Rfd1 Qe7
16.Qe2 Ra8 17.Bb1 Rac8 18.Bd3 Ra8 19.Bb1 Nd6 20.Ba2 c6 21.Qc2 b5 22.Re1 g6
23.Nd2 Nf6 24.Nb3 Bc8 25.Na5 Bd7 26.Nb3 Kg7 27.Nc5 Bf5 28.Qe2 h5 29.Nd3 Ng4
30.Nb4 Bd7  1/2-1/2

[Event "TCh-AUT 2nd Ost 2013-14"]
[Site "Zwettl AUT"]
[Date "2013.11.23"]
[Round "3.1"]
[White "Kostic,VG"]
[Black "Bernasek,J"]
[Result "0-1"]
[WhiteElo "2436"]
[BlackElo "2539"]

1.d4 Nf6 2.c4 e6 3.Nf3 b6 4.a3 Bb7 5.Nc3 d5 6.cxd5 exd5 7.Ne5 Be7 8.g3 O-O
9.Bg2 c5 10.O-O Nbd7 11.Bf4 Re8 12.e3 Nf8 13.Qa4 Ne6 14.Nc6 Bxc6 15.Qxc6 Rc8
16.Qb7 cxd4 17.Nb5 dxe3 18.Bxe3 Bc5 19.Bxc5 Nxc5 20.Qxc8 Qxc8 21.Nd6 Qd7
22.Nxe8 Nxe8 23.Rad1 Nf6 24.Rfe1 g6 25.h3 Qb5 26.b4 Nce4 27.Re3 Qc4 28.Rf3 Kg7  0-1

[Event "XXVII Belgrade Trophy"]
[Site "Obrenovac SRB"]
[Date "2013.11.25"]
[Round "2.14"]
[White "Nenezic,M"]
[Black "Illijin,N"]
[Result "1-0"]
[WhiteElo "2417"]
[BlackElo "2175"]

1.d4 Nf6 2.c4 e6 3.Nf3 b6 4.a3 Bb7 5.Nc3 d5 6.cxd5 exd5 7.Qa4+ c6 8.g3 Be7
9.Bg2 O-O 10.O-O Nbd7 11.Bf4 Re8 12.Rad1 Nh5 13.Bc1 Bd6 14.Nh4 Nhf6 15.Rfe1 b5
16.Qc2 b4 17.Nf5 Bf8 18.axb4 Bxb4 19.Bg5 h6 20.Bd2 Nb6 21.Na4 Bxd2 22.Rxd2 Nc4
23.Rdd1 Bc8 24.Nh4 Ne4 25.Bxe4 Rxe4 26.b3 Nb6 27.Nc5 Rg4 28.Nf3 Nd7 29.Nd3 Rg6
30.Nde5 Nxe5 31.Nxe5 Re6 32.Nxc6 Qc7 33.Rc1 Ba6 34.Ne5 Qb7 35.e3 f6 36.Nd3 Qb5
37.Nc5 Rc6 38.Ra1 Bc8 39.e4 dxe4 40.Qxe4 Bh3 41.Qh4 Bf5 42.Qh5 Rxc5 43.dxc5 Bd7  1-0

[Event "10th Vasylyshyn Memorial IM"]
[Site "Lviv UKR"]
[Date "2013.11.26"]
[Round "8"]
[White "Soroka,Danylo"]
[Black "Tantsiura,M"]
[Result "0-1"]
[WhiteElo "2224"]
[BlackElo "2206"]

1.d4 Nf6 2.c4 e6 3.Nf3 b6 4.a3 Bb7 5.Nc3 d5 6.cxd5 exd5 7.Bg5 Be7 8.e3 O-O
9.Bd3 Nbd7 10.O-O Ne4 11.Bxe7 Qxe7 12.Rc1 c5 13.dxc5 bxc5 14.Bb5 Ndf6 15.Nxe4 dxe4
16.Nd2 Rad8 17.Qc2 Rd5 18.Be2 Qd7 19.Nb3 Rg5 20.Kh1 Rc8 21.Na5 Bd5 22.Rcd1 Qf5
23.Nc4 Ng4 24.Kg1 Bxc4 25.Qxc4 Ne5 26.Qa6 Qh3 27.g4 Rf8 28.Kh1 Nxg4 29.Qd6 Nxe3
30.Rg1 Nxd1 31.Rxg5 Nxf2+ 32.Kg1 Qe3 33.Qg3 Qxg5  0-1

[Event "XXVII Belgrade Trophy"]
[Site "Obrenovac SRB"]
[Date "2013.11.29"]
[Round "6.26"]
[White "Stefanov,Emil"]
[Black "Mladenovic,St"]
[Result "0-1"]
[WhiteElo "2030"]
[BlackElo "2274"]

1.d4 Nf6 2.c4 e6 3.Nf3 b6 4.a3 Ba6 5.Qc2 Bb7 6.Nc3 c5 7.dxc5 bxc5 8.Bf4 Qb6
9.Rd1 d6 10.e4 e5 11.Bg5 Nbd7 12.Be2 Bc6 13.O-O Rb8 14.Bc1 Be7 15.Nd2 Nf8
16.Nd5 Qb7 17.Nf3 Ne6 18.b4 Rc8 19.Qb1 cxb4 20.axb4 Nc5 21.Nd2 Na4 22.Qb3 Nxd5
23.cxd5 Bb5 24.Nc4 Qa6 25.Be3 Rxc4 26.Ra1 Rxe4 27.Bxb5+ Qxb5 28.Rxa4 a6 29.Rfa1 O-O
30.f3 Rc4 31.Ra5 Qxb4 32.Qxb4 Rxb4 33.Rxa6 h6 34.h3 Rb3 35.Bf2 Rd3 36.R6a5 Bf6
37.Rb1 Rc8 38.Ba7 Rc2 39.Rf1 Bh4 40.Ra4 Rdd2 41.Rfa1 Rxg2+ 42.Kh1 Rh2+ 43.Kg1 Rxh3  0-1

[Event "14th Puhajarve Rapid"]
[Site "Puhajarve EST"]
[Date "2013.11.30"]
[Round "25.3"]
[White "Volodin,Alek"]
[Black "Rauk,T"]
[Result "1-0"]
[WhiteElo "2477"]
[BlackElo "2207"]

1.d4 Nf6 2.c4 e6 3.Nf3 b6 4.a3 Ba6 5.Qc2 Bb7 6.Nc3 d5 7.Bg5 Be7 8.e3 O-O
9.Bd3 Nbd7 10.cxd5 exd5 11.O-O h6 12.Bf4 c6 13.h3 Re8 14.Rad1 Nf8 15.Ne5 Ne6
16.Bh2 c5 17.Bb5 Rf8 18.Nc6 Bxc6 19.Bxc6 Rc8 20.Bb7 Rc7 21.Bxc7 Qxc7 22.Bxd5 cxd4
23.Bxe6 dxc3 24.Bb3 Rc8 25.a4 Qe5 26.bxc3 Bd6 27.g3 Rxc3 28.Qa2 Ne4 29.Bxf7+ Kf8
30.Qe6 Nxg3 31.Qxe5 Ne2+ 32.Kg2 Bxe5 33.Bh5 Rc2 34.Bxe2 Rxe2 35.Rd7 a5 36.Rc1 Kg8
37.Kf3 Rb2 38.Rc4 Kh7 39.Ke4 Bf6 40.f4 Rh2 41.Rc6 Kg6 42.Rxb6 Rxh3 43.Rd5 h5
44.Rxa5 h4 45.Rg5+ Kh6 46.Rg1 Rh2 47.Kf5 Ra2 48.e4 Rxa4 49.e5  1-0

[Event "ch-IRI 2013"]
[Site "Tabriz IRI"]
[Date "2013.11.30"]
[Round "5.16"]
[White "Asnaashari,Soh"]
[Black "Sakhayi,M"]
[Result "0-1"]
[WhiteElo "2149"]
[BlackElo "2122"]

1.d4 Nf6 2.c4 e6 3.Nf3 b6 4.a3 Bb7 5.Nbd2 c5 6.e3 Be7 7.Bd3 O-O 8.O-O cxd4
9.exd4 d5 10.b3 Nc6 11.Bb2 Rc8 12.Rc1 Re8 13.c5 a5 14.Rc2 Nd7 15.Qc1 Bf6
16.Bb5 bxc5 17.dxc5 e5 18.Rd1 e4 19.Bxc6 Bxb2 20.Qxb2 Rxc6 21.Nd4 Rxc5 22.Rdc1 Rxc2
23.Rxc2 Ne5 24.Qc3 Qf6 25.Nb5 h6 26.Nc7 Rd8 27.Qxa5 d4 28.Nf1 e3 29.fxe3 dxe3
30.Nxe3 Ng4 31.Nf1 Qd4+ 32.Kh1 Nf2+  0-1

[Event "FSIM December 2013"]
[Site "Budapest HUN"]
[Date "2013.12.07"]
[Round "1.3"]
[White "Fang,Yuxiang"]
[Black "Petran,Pa"]
[Result "1-0"]
[WhiteElo "2189"]
[BlackElo "2335"]

1.Nf3 Nf6 2.c4 e6 3.d4 b6 4.a3 Ba6 5.Qc2 Bb7 6.Nc3 c5 7.e4 cxd4 8.Nxd4 Bc5
9.Nb3 Nc6 10.Be2 O-O 11.Bg5 h6 12.Bh4 Nd4 13.Nxd4 Bxd4 14.f3 d5 15.O-O-O Bxc3
16.bxc3 Qc7 17.Qd2 Nh5 18.exd5 exd5 19.Kb2 Rfe8 20.g4 Nf4 21.Bg3 Qe7 22.Bf1 Ne2
23.Re1 dxc4 24.Bxe2 Rad8 25.Qc2 Qc5 26.Bd1 Rxe1  1-0

[Event "19th Navalmoral Open"]
[Site "Navalmoral ESP"]
[Date "2013.12.07"]
[Round "5.3"]
[White "Gonzalez Perez,A"]
[Black "Fedorchuk,S"]
[Result "1/2-1/2"]
[WhiteElo "2467"]
[BlackElo "2660"]

1.d4 Nf6 2.c4 e6 3.Nf3 b6 4.a3 Be7 5.Nc3 d5 6.cxd5 exd5 7.Bg5 O-O 8.e3 Bb7
9.Bd3 c5 10.O-O Nbd7 11.dxc5 bxc5 12.Qe2 h6 13.Bh4 Ne4 14.Bxe7 Qxe7 15.Rac1 Rab8
16.Rfd1 Ba8 17.b4 cxb4 18.axb4 Rxb4 19.Qa2 Ndf6 20.Nd4 Ng4 21.Nxe4 dxe4 22.Be2 Ne5
23.Ra1 Rb7 24.Nf5 Qf6 25.Ng3 Re7 26.Rd4 Rb8 27.Rb1 Rc8 28.Nxe4 Bxe4 29.Rxe4 Rec7
30.Qb2 Rc2 31.Qxe5 Rc1+ 32.Rxc1 Rxc1+ 33.Bf1 Qa6 34.h3 Rxf1+ 35.Kh2  1/2-1/2

[Event "ch-Arab Open 2013"]
[Site "Abu Dhabi UAE"]
[Date "2013.12.11"]
[Round "4.8"]
[White "Khader,Sam"]
[Black "Ayyad,H"]
[Result "1/2-1/2"]
[WhiteElo "2378"]
[BlackElo "2191"]

1.d4 Nf6 2.c4 e6 3.Nf3 b6 4.a3 Bb7 5.Nc3 d5 6.cxd5 exd5 7.g3 a6 8.Bg2 Bd6
9.O-O O-O 10.Nh4 c6 11.Nf5 Bc7 12.Bg5 Bc8 13.Qd3 h6 14.Bd2 Nbd7 15.e4 dxe4
16.Nxe4 Nxe4 17.Bxe4 Ra7 18.Qf3 Nf6 19.Bxc6 Bxf5 20.Qxf5 Qxd4 21.Bc3 Qg4
22.Qxg4 Nxg4 23.Rfe1 Bd6 24.Bd4 Rb8 25.b4 Rc7 26.Bf3 Nf6 27.Rad1 Rd7 28.Re3 Rdd8
29.Red3 Be7 30.Kg2 a5 31.b5 Nd7 32.Bd5 Kf8 33.Rf3 Nf6 34.Bc6 Rd6 35.Rfd3 Rdd8
36.a4 Rd6 37.Be3 Rxd3 38.Rxd3 Rd8 39.Rc3 Rb8 40.Bf3 Nd7 41.Bf4 Re8 42.Bc7 Nc5
43.Rc4 Bd8 44.Bd6+ Be7 45.Bf4 g5 46.Be5 f6 47.Bd4 Rd8 48.h4 Kf7 49.Bg4 Bd6
50.f4 gxh4 51.gxh4 Ke7 52.Kf3 h5 53.Bxh5 Rh8 54.Kg4 f5+ 55.Kxf5 Rxh5+ 56.Kg6 Rd5
57.Bf6+ Ke6 58.h5 Rxh5 59.Kxh5 Kxf6 60.Kg4 Ke6 61.Rd4 Be7 62.Kf3 Bf6 63.Rc4 Kd5
64.Rc2 Nxa4 65.Rc6 Bd4 66.f5 Nc3 67.f6 Nxb5 68.f7 Bg7 69.Rxb6 Kc5 70.Rg6 Bf8
71.Rg8 Bd6 72.Ke4 a4 73.Kd3 Kb4 74.Kc2 Nd4+ 75.Kb1 Nb5 76.f8=Q Bxf8 77.Rxf8 Nd4
78.Rf4 Kc3 79.Ka2 Nc2 80.Rxa4 Nb4+ 81.Kb1 Kb3 82.Ra8 Kc3 83.Ra3+ Kc4 84.Kb2 Nd3+
85.Kc2 Nc5 86.Rh3 Kd4 87.Rh4+ Ke3 88.Kc3 Ne4+ 89.Kc4 Nd2+ 90.Kd5 Nf3 91.Re4+ Kd3
92.Ra4 Ke3 93.Rb4 Nd2 94.Rb8 Kd3 95.Rh8 Nf3 96.Ra8 Ke3 97.Ra3+ Kf4 98.Rc3 Ne5
99.Ke6 Ke4 100.Ra3 Nf3 101.Ra4+ Nd4+ 102.Kd6 Ke3 103.Kd5 Nf3 104.Rc4 Ke2
105.Re4+ Kd3 106.Re8 Nd4 107.Rf8 Ke3 108.Kc4 Nf3 109.Kc3 Ke4 110.Re8+ Kd5
111.Kd3 Ne5+ 112.Ke3 Nc4+ 113.Kf4 Nd6 114.Re1 Nc4 115.Rd1+ Kc5 116.Ke4 Nd6+
117.Ke5 Nc4+ 118.Ke6 Ne3 119.Rd3 Nc4 120.Rd5+ Kb4 121.Rh5 Nb6 122.Kd6 Nc4+
123.Kd5 Nb6+ 124.Kd4 Nc4 125.Rh1 Na3 126.Rh5 Nb5+ 127.Kd3 Nd6 128.Rd5 Nb5
129.Rd8 Kc5  1/2-1/2

[Event "5th Penang Open 2013"]
[Site "George Town MAS"]
[Date "2013.12.11"]
[Round "4.14"]
[White "Branzuela,A"]
[Black "Siew,K"]
[Result "1-0"]
[WhiteElo "2264"]
[BlackElo "2004"]

1.d4 Nf6 2.c4 e6 3.Nf3 b6 4.a3 Bb7 5.Nc3 g6 6.d5 Bg7 7.e4 O-O 8.Bd3 d6 9.O-O Nbd7
10.Bg5 h6 11.Bh4 exd5 12.exd5 Nc5 13.Bc2 a5 14.Rb1 Ba6 15.b4 axb4 16.axb4 Bxc4
17.bxc5 Bxf1 18.Kxf1 bxc5 19.Ba4 g5 20.Bg3 Nh5 21.Ne2 Rb8 22.Rc1 Rb4 23.Nd2 Qe7
24.Nc4 Qe4 25.Bc2 Nxg3+ 26.hxg3 Qe7 27.Qd3 f5 28.g4 Qe4 29.Qxe4 fxe4 30.Bxe4 Ra8
31.Ng3 Bb2 32.Rc2 Ra1+ 33.Ke2 Bg7 34.Nf5 Bf8 35.Kf3 Raa4 36.Bd3 Rb3 37.Ke2 Rb8
38.f3 Rba8 39.Rd2 Ra2 40.Bc2 Re8+ 41.Kd3 Ra1 42.Nce3 Ra3+ 43.Ke2 Bg7 44.Be4 Bf8
45.Rb2 Rea8 46.Bb1 Ra1 47.Nc4 R1a4 48.Kd3 R4a7 49.Nd2 Ra3+ 50.Ke2 R3a4 51.Kf2 Rb4
52.Rxb4 cxb4 53.Ke3 Ra5 54.Bc2 Ra1 55.Kd3 Rg1 56.g3 Bg7 57.Nxg7 Kxg7 58.Ne4 Rf1
59.Kc4 Rc1 60.Kd3 Rf1 61.Ke2 b3 62.Bxb3 Rb1 63.Ba4 Rb2+ 64.Ke3 Ra2 65.Bc6 Ra3+
66.Ke2 Ra2+ 67.Nd2 Kf6 68.f4 Kg7 69.Bb5 Ra5 70.Bc4 Ra4 71.Ke3 Ra3+ 72.Bd3 Ra5
73.Kd4 Ra4+ 74.Nc4 Kf6 75.Ke4 Rb4 76.Kf3 Rb3 77.Ke2 Rb4 78.Ke3 Rb3 79.Nd2 gxf4+
80.gxf4 Ra3 81.Ne4+ Ke7 82.Ng3 Kf6 83.Nf5 h5 84.gxh5 Rxd3+ 85.Kxd3 Kxf5 86.Kc4 Kxf4
87.Kb5  1-0

[Event "5th Classic Open 2013"]
[Site "London ENG"]
[Date "2013.12.13"]
[Round "7.46"]
[White "De Andres Gonalons,F"]
[Black "Guthrie,D"]
[Result "0-1"]
[WhiteElo "2040"]
[BlackElo "2195"]

1.d4 Nf6 2.c4 e6 3.Nf3 b6 4.a3 Ba6 5.e3 d5 6.Nc3 dxc4 7.Ne5 Be7 8.Qa4+ Nfd7
9.Bxc4 Bxc4 10.Nxc4 O-O 11.e4 a6 12.Nd2 b5 13.Qb3 c5 14.d5 c4 15.Qc2 Nc5
16.O-O Nbd7 17.Nf3 Bf6 18.Be3 Bxc3 19.bxc3 exd5 20.exd5 Nd3 21.Rfd1 Nf6 22.Bg5 Qxd5
23.Bxf6 gxf6 24.Ne1 Rad8 25.a4 Rfe8 26.axb5 axb5 27.h3 Kh8 28.Nxd3 cxd3 29.Qd2 Rg8
30.f3 Qxf3 31.Rf1  0-1

[Event "ch-Arab Open 2013"]
[Site "Abu Dhabi UAE"]
[Date "2013.12.15"]
[Round "9.7"]
[White "Khader,Sam"]
[Black "Khouri,I"]
[Result "1-0"]
[WhiteElo "2378"]
[BlackElo "2223"]

1.d4 Nf6 2.c4 e6 3.Nf3 b6 4.a3 Bb7 5.Nc3 d5 6.cxd5 exd5 7.Bf4 Bd6 8.Bxd6 Qxd6
9.e3 O-O 10.Bd3 a6 11.Qc2 Nbd7 12.g4 g6 13.h4 Nxg4 14.h5 Kg7 15.O-O-O f5
16.hxg6 hxg6 17.Nh4 Qe6 18.Rdg1 c5 19.Nxg6 Qxg6 20.f3 c4 21.Rxg4  1-0

[Event "Russian Cup Final 2013"]
[Site "Khanty-Mansiysk RUS"]
[Date "2013.12.15"]
[Round "2.4"]
[White "Savchenko,B"]
[Black "Khismatullin,D"]
[Result "1-0"]
[WhiteElo "2602"]
[BlackElo "2674"]

1.c4 Nf6 2.Nf3 e6 3.d4 b6 4.a3 Bb7 5.Nc3 g6 6.Qc2 Bg7 7.e4 O-O 8.Bd3 d6 9.Be3 c5
10.d5 a6 11.dxe6 fxe6 12.e5 dxe5 13.O-O-O Nc6 14.Be4 Qe7 15.Bxc6 Bxc6 16.Nxe5 Bxg2
17.Rhg1 Bh3 18.Qd3 Bf5 19.Nc6 Qb7 20.Qd6 Rfe8 21.Ne5 Rac8 22.f3 b5 23.Nd3 b4
24.axb4 cxb4 25.Qxb4 Qxf3 26.Rg3 Qc6 27.Ne5 Qc7 28.Bf4 Qa7 29.Be3 Qc7 30.Bf4 Nh5
31.Rd7 Bxe5 32.Rxc7 Bxf4+ 33.Kd1 Red8+ 34.Ke1 Rxc7 35.Rg2 Bh6 36.Qb6 Rcc8
37.b3 Rb8 38.Qc7 Bf4 39.Qa5 Rd3 40.Nd1 Rbd8 41.Nc3 Rb8 42.Nd1 Rbxb3 43.Qa2 Bd6
44.Rb2 Bb4+ 45.Kf2 Bc5+ 46.Ke1 Ra3 47.Rb8+ Kg7 48.Qb2+ Bd4 49.Qb4 Ra1 50.Qf8+  1-0

[Event "SportAccord Blitz Women 2013"]
[Site "Beijing CHN"]
[Date "2013.12.16"]
[Round "22.8"]
[White "Cmilyte,V"]
[Black "Hou Yifan"]
[Result "0-1"]
[WhiteElo "2514"]
[BlackElo "2629"]

1.d4 e6 2.c4 Nf6 3.Nf3 b6 4.a3 Bb7 5.Nc3 g6 6.g3 Bg7 7.Bg2 O-O 8.O-O c5 9.dxc5 bxc5
10.Bf4 d5 11.cxd5 Nxd5 12.Nxd5 Bxd5 13.Qc2 Qb6 14.Be5 f6 15.Bc3 Nc6 16.e3 Rad8
17.Nd2 Bxg2 18.Kxg2 Rd5 19.Nc4 Qb7 20.Kg1 Rfd8 21.Rfd1 Qd7 22.Rd2 Rxd2 23.Qxd2 Qd5
24.Qe2 e5 25.f3 h5 26.e4 Nd4 27.Bxd4 Qxd4+ 28.Kg2 Bh6 29.Re1 Kg7 30.Qc2 h4
31.Kh3 hxg3 32.hxg3 Bg5 33.Kg2 Qd7 34.Rh1 Qd4 35.Re1 Qd7 36.Rh1 Qe6 37.b3 Qd7
38.Qc3 Qd4 39.Qa5 Rd7 40.Qb5 Qd3 41.Qxc5 Qc2+ 42.Qf2 Qxb3 43.Qe2 Rc7 44.Nd6 Rc2  0-1

[Event "SportAccord Basque Women 2013"]
[Site "Beijing CHN"]
[Date "2013.12.17"]
[Round "2.2"]
[White "Dzagnidze,N"]
[Black "Cramling,P"]
[Result "1/2-1/2"]
[WhiteElo "2557"]
[BlackElo "2525"]

1.d4 Nf6 2.c4 e6 3.Nf3 b6 4.a3 Bb7 5.Nc3 g6 6.d5 Bg7 7.g3 O-O 8.Bg2 c6 9.Ng5 exd5
10.cxd5 cxd5 11.O-O Na6 12.Nh3 Nc7 13.Nf4 Re8 14.Qb3 Rb8 15.Rd1 Qe7 16.Be3 Ng4
17.Bd4 Bxd4 18.Rxd4 Ne3 19.Bf3 Nf5 20.Ncxd5 Nxd5 21.Nxd5 Qe5 22.Rd2 Nd4 23.Qd3 Nxf3+
24.exf3 Rbc8 25.Rad1 Re6 26.Nf4 Ree8 27.Kg2 Bc6 28.h4 Qf6 29.Qb3 Re5 30.Rd6 Qe7
31.R1d2 Re8 32.Qc3 Rc5 33.Qd4 Qe5 34.Qxe5 Rcxe5 35.Nd3 Rf5 36.Nf4 Rfe5 37.Nd5 Kg7
38.Nb4 Rc5 39.Nxc6 dxc6 40.Rd7 a5 41.Rb7 b5 42.f4 Re6 43.Rc7 a4 44.Rdd7 Rf6
45.Rd2 Rc1 46.Kf3 h5 47.Re7 Rc4 48.Re3 Rf5 49.Re7 Rf6 50.Re3 Rf5 51.Re7 Rf6
52.Re4 Rc1 53.Re7 Rf5 54.Rc7 Rf6 55.Re7 Rf5 56.Ke2 Rfc5 57.Kf3 Rf5  1/2-1/2

[Event "WYCC U16 Girls 2013"]
[Site "Al-Ain UAE"]
[Date "2013.12.18"]
[Round "1.16"]
[White "Head,Louise"]
[Black "Harazinska,Ewa"]
[Result "0-1"]
[WhiteElo "1786"]
[BlackElo "2050"]

1.d4 Nf6 2.c4 e6 3.Nf3 b6 4.a3 Ba6 5.Qb3 d5 6.e3 Be7 7.Nbd2 O-O 8.Bd3 c5
9.O-O Nc6 10.Qa4 Na5 11.Rd1 Qc7 12.dxc5 bxc5 13.Nb3 Nxb3 14.Qxb3 e5 15.Bf1 e4
16.Ne1 Rfd8 17.Qa4 Bxc4 18.Bxc4 dxc4 19.Bd2 Ng4 20.g3 Qe5 21.h3 Nxf2 22.Kxf2 Bd6
23.Ba5 Qxg3+ 24.Ke2 Qh2+ 25.Kf1 Bg3 26.Qc2 Qh1+ 27.Ke2 Qg1 28.Rxd8+ Rxd8
29.Qd2 Qf2+ 30.Kd1 Qxe1+ 31.Kc2 Rxd2+  0-1

[Event "WYCC U16 Girls 2013"]
[Site "Al-Ain UAE"]
[Date "2013.12.20"]
[Round "3.46"]
[White "Bulmaga,E"]
[Black "Jacobsen,Caroline Beer"]
[Result "1-0"]
[WhiteElo "1820"]
[BlackElo "1621"]

1.d4 Nf6 2.c4 e6 3.Nf3 b6 4.a3 Bb7 5.Nc3 d5 6.cxd5 Nxd5 7.Qc2 Bd6 8.e4 Nxc3
9.bxc3 c5 10.Bb5+ Nd7 11.O-O a6 12.Bd3 cxd4 13.cxd4 Rc8 14.Qe2 b5 15.Bg5 Be7
16.Bxe7 Qxe7 17.Qd2 O-O 18.Rfb1 Nf6 19.e5 Nd5 20.Ng5 h6 21.Ne4 Rfd8 22.Nd6 Rxd6
23.exd6 Qxd6 24.Be4 Rc4 25.Rc1 Ra4 26.Rc5 Qd7 27.Bxd5 Bxd5 28.Qf4 Rc4 29.Rc1 Rxc1+
30.Rxc1 Bc4 31.h3 Qd8 32.Rc3 Qa5 33.Qb8+ Kh7 34.Rf3 Qe1+ 35.Kh2 f6 36.Qc7 Kh8
37.Rg3 g5 38.Qd8+ Kg7 39.Qe7+ Kg6 40.h4 Qxf2 41.h5+ Kxh5 42.Qf7+ Kh4 43.Rh3+ Kg4
44.Qh5+ Kf5 45.Rf3+ Qxf3 46.Qxf3+  1-0

[Event "Russian Rapid Cup Final 2013"]
[Site "Khanty-Mansiysk RUS"]
[Date "2013.12.21"]
[Round "3.2"]
[White "Kovalenko,I"]
[Black "Bocharov,D"]
[Result "1-0"]
[WhiteElo "2643"]
[BlackElo "2602"]

1.d4 Nf6 2.c4 e6 3.Nf3 b6 4.a3 Ba6 5.Qb3 c5 6.d5 b5 7.cxb5 Bb7 8.dxe6 fxe6
9.g3 d5 10.Bh3 Qb6 11.O-O Nbd7 12.a4 c4 13.Qc2 Rc8 14.a5 Qd6 15.Bf4 Qe7 16.b6 axb6
17.axb6 Nxb6 18.Nc3 h6 19.Qg6+ Kd8 20.Ne5 Rg8 21.Nf7+ Kd7 22.Ra7 Rc7 23.Nb5 Nc8
24.Nxc7 Nxa7 25.Bxe6+  1-0

[Event "51st Groningen Open A 2013"]
[Site "Groningen NED"]
[Date "2013.12.27"]
[Round "6.21"]
[White "Bellia,F"]
[Black "Christiansen,Johan-Sebastian"]
[Result "1-0"]
[WhiteElo "2424"]
[BlackElo "2217"]

1.d4 Nf6 2.c4 e6 3.Nf3 b6 4.a3 Bb7 5.Nc3 d5 6.cxd5 Nxd5 7.e3 Be7 8.Bb5+ c6
9.Bd3 O-O 10.e4 Nxc3 11.bxc3 c5 12.O-O cxd4 13.cxd4 Nc6 14.Be3 Bf6 15.e5 Be7
16.Qb1 h6 17.Bh7+ Kh8 18.Be4 Qd7 19.Rc1 Na5 20.Bxb7 Qxb7 21.Bd2 Qd5 22.Bxa5 Qxa5
23.Rc7 Bd8 24.Rc6 Be7 25.a4 Rac8 26.Qc2 Rxc6 27.Qxc6 Qb4 28.g3 Kg8 29.Rc1 a5
30.Kg2 Rd8 31.Qc7 Kf8 32.Qc2 Qa3 33.Qh7 Ke8 34.Rc7 Rd7 35.Rc8+ Bd8 36.Qxg7 Qxa4
37.Qh8+ Ke7 38.Qxh6 Qb3 39.Ng5 Qd5+ 40.Kh3 Rb7 41.Qf6+ Ke8 42.Qh8+ Ke7 43.Qg8  1-0

[Event "Maatman-Werle Match 2013"]
[Site "Groningen NED"]
[Date "2013.12.29"]
[Round "3"]
[White "Maatman,Nick"]
[Black "Werle,J"]
[Result "0-1"]
[WhiteElo "2209"]
[BlackElo "2512"]

1.d4 Nf6 2.c4 e6 3.Nf3 b6 4.a3 Bb7 5.Nc3 d5 6.Bg5 Be7 7.Qa4+ c6 8.cxd5 exd5
9.e3 O-O 10.Be2 Nbd7 11.O-O a6 12.b4 a5 13.b5 c5 14.dxc5 Nxc5 15.Qc2 Rc8
16.Qb2 Ne6 17.Na4 d4 18.Bh4 d3 19.Rfd1 Rc2 20.Qxc2 dxc2 21.Rxd8 Rxd8 22.Bxf6 gxf6
23.Ne1 Rd2  0-1

[Event "2nd Gurgaon Open 2014"]
[Site "Gurgaon IND"]
[Date "2014.01.04"]
[Round "5.16"]
[White "Lakshmi Narayanan,M"]
[Black "Sundararajan,K"]
[Result "1/2-1/2"]
[WhiteElo "2127"]
[BlackElo "2411"]

1.d4 Nf6 2.c4 e6 3.Nf3 b6 4.a3 Ba6 5.Nbd2 d5 6.e3 Be7 7.Bd3 O-O 8.O-O c5
9.b3 Nc6 10.Bb2 Rc8 11.Qe2 cxd4 12.exd4 Re8 13.Rfe1 Bf8 14.Rac1 g6 15.c5 Bxd3
16.Qxd3 Bh6 17.Rc2 Nh5 18.g3 Rb8 19.b4 Bxd2 20.Qxd2 b5 21.Ne5 Qc7 22.g4 Ng7
23.Nxc6 Qxc6 24.Qf4 Rf8 25.Bc1 f6 26.Qg3 Rbe8 27.Bh6 Rf7 28.Rce2 Qc8 29.h3 Rfe7
30.Qf4 Rf7 31.Qd6 Rd7 32.Qf4  1/2-1/2

[Event "Bay Area International 2014"]
[Site "Santa Clara USA"]
[Date "2014.01.04"]
[Round "4.35"]
[White "Iyengar,Udit"]
[Black "Cao,Jason"]
[Result "1-0"]
[WhiteElo "2031"]
[BlackElo "2151"]

1.d4 Nf6 2.c4 e6 3.Nf3 b6 4.a3 Bb7 5.Nc3 d5 6.Qa4+ c6 7.g3 Be7 8.Bg2 O-O
9.O-O Nbd7 10.Rd1 a6 11.cxd5 cxd5 12.Bf4 Rc8 13.Rac1 Nh5 14.Be3 Bd6 15.Qc2 Nhf6
16.Qd3 Qe7 17.Nd2 b5 18.Bg5 h6 19.Bxf6 Nxf6 20.e4 dxe4 21.Ndxe4 Nxe4 22.Nxe4 Bd5
23.b4 Rxc1 24.Rxc1 Rd8 25.Qe3 Qa7 26.Nxd6 Rxd6 27.Rc8+ Kh7 28.Qe5 Qd7 29.Rc5 Bc4
30.h4 Qd8 31.Be4+ f5 32.Bg2 Rxd4 33.Rc7 Rd7 34.Rc6 Rd1+ 35.Kh2 Rd2 36.Rc7 Rd7
37.Rc6 Ra7 38.Qc5 Qd7 39.Rc8 a5 40.Qf8 Qf7 41.Qxf7 Rxf7 42.bxa5 Bd5 43.Rc5 Bxg2
44.Kxg2 Rb7 45.Kf3 Kg6 46.Rc6 b4 47.axb4 Rxb4 48.Rxe6+ Kf7 49.Rb6 Ra4 50.a6 Ke7
51.Ke3 Re4+ 52.Kd3 Ra4 53.Kc3 f4 54.Kb3 Ra1 55.Kc4 fxg3 56.fxg3 Kd7 57.Rg6 Kc8
58.Kc5 Kb8 59.Kd5 Kc8 60.Ke6 Rxa6+ 61.Kf7 Ra7+ 62.Kg8 Kd8 63.Rxg7 Ra6 64.Kh7 Ke8
65.Rg6 Ra7+ 66.Kxh6 Kf8 67.h5 Rb7 68.g4 Ra7 69.g5 Rb7 70.Rc6 Rb8 71.g6 Kg8
72.Kg5 Rb5+ 73.Kf6 Rb8 74.h6 Ra8 75.h7+ Kh8 76.Kg5 Ra3 77.Rc8+  1-0